| 000 | 01491nam a2200349 c 4500 | ||
|---|---|---|---|
| 003 | BLK | ||
| 005 | 20220720125746.0 | ||
| 008 | 180412b bul|||||r ||||||| ||bul|| | ||
| 010 | _aKNG00014093000 | ||
| 020 |
_a954-527-057-8 _bиздат.: Дамян Яков |
||
| 040 | _aBLK | ||
| 041 |
_aBUL _cBUL |
||
| 080 |
_aЕстонска литература _b821.511.113 _x-93-32 _z821.511.113-93-32 |
||
| 100 | 1 |
_aРауд, Ено _eпърви автор _9115364 |
|
| 700 | 1 |
_aЯнева-Медникарова, Дора Стоянова _eпрев. от ест. _9257563 |
|
| 700 | 1 |
_aПраматаров, Веселин _eхудож. _9363960 |
|
| 139 |
_aРауд, Ено _bР 38 |
||
| 245 | 1 | 0 |
_aМаншон, Полуобувка и Мъхеста брада _bПриказна повест за деца _cЕно Рауд; прев. от ест. Дора Стоянова Янева-Медникарова; худож. Веселин Праматаров. |
| 257 | _aEST | ||
| 260 |
_аСофия _bДамян Яков _c1996 |
||
| 300 |
_a184 с. _bс ил. _c22 см |
||
| 380 | _aDX | ||
| 500 | _aОриг. загл. Naksitrallid / Eno Raud. - В кн. означено 3. изд. | ||
| 653 | _aприказни повести | ||
| 653 | _aдетска литература | ||
| 653 | _aлитература за деца | ||
| 852 | _aЦб 190223 | ||
| 856 | 4 |
_qpdf _u |
|
| 856 | 4 |
_qpdf _u |
|
| 942 |
_cKNG _n0 _09 |
||
| 944 |
_aCR _c09.05.2003 _kНаталия_Медовщикова |
||
| 944 |
_aED _c12.03.2008 _k |
||
| 999 |
_c12487 _d12487 |
||